000 00512nam a2200193 a 4500
005 20140310183135.0
008 020820s19uu xx 00 eng d
020 _a997151382x
050 _aHD 31
_b.Sch326 2001
100 _aSchermerhorn, John Jr. R.
245 _aManagement /
_cJohn R. Schermerhorn Jr.
260 _aHoboken, NJ :
_bJ. Wiley,
_c2001.
300 _a524 p. :
_bcol. ill. ;
_c26 cm.
521 _aBSBA
650 _aManagement
942 _cBK
_2lcc
_kFOR
999 _c19260
_d19260